00422nam a2200157Ia 45000010006000000050017000060080041000230410008000640820016000721000036000882450087001242600009002113000028002206500008002486540008002561900720260306171712.0260306s9999||||xx |||||||||||||| ||und|| aESP a658.78bS24 aSánchez Loppacher, JulioeAUT 0aCompitiendo a través de la cadena de valor del negocio:bsupply chain management c2013 a188 páginas :c23 cm. aGEN aCAN